|
|
|
|
| LEADER |
00682cam a2200193 7i4500 |
| 001 |
0000020797 |
| 005 |
20120815090000.0 |
| 020 |
|
|
|a 9789839340037
|
| 020 |
|
|
|a 9839340034 (pbk.)
|
| 090 |
0 |
0 |
|a KPG1220
|b .M35 1996
|
| 100 |
0 |
|
|a Maimunah Aminuddin
|
| 245 |
1 |
0 |
|a Malaysian employment law and industrial relations
|c Maimunah Aminuddin.
|
| 250 |
|
|
|a 2nd ed.
|
| 260 |
|
|
|a Kuala Lumpur:
|b McGraw Hill,
|c 1996.
|
| 300 |
|
|
|a 253 p.;
|c 23 cm.
|
| 650 |
0 |
0 |
|a Industrial relations --
|x Law and legislation --
|z Malaysia
|
| 650 |
0 |
0 |
|a Labor laws and legislation --
|z Malaysia
|
| 650 |
0 |
0 |
|a Industrial laws and legislation --
|z Malaysia
|
| 999 |
|
|
|a 0000023569
|b BOK
|c OPEN SHELF
|e 1st Floor, Bestari Jaya
|